[Event "Championnat de France - Open D"]
[Site "Aix-les-Bains"]
[Date "2007.08.25"]
[Round "11.2"]
[White "Renet, Jules"]
[Black "Clement, Alexandre"]
[Result "1/2-1/2"]
[WhiteElo "1430"]
[BlackElo "1390"]
[PlyCount "65"]
[EventDate "2007.??.??"]

1. e4 e6 2. d4 d5 3. exd5 exd5 4. Nf3 Be6 5. Bd3 Bd6 6. O-O h6 7. h3 Nf6 8. Be3
c6 9. c3 Nbd7 10. Nbd2 Nb6 11. Qb3 Qd7 12. Ne5 Qc8 13. Rad1 Ne4 14. Bxe4 dxe4
15. Nxe4 Bxb3 16. Nxd6+ Kf8 17. Nxc8 Bxd1 18. Nxb6 axb6 19. Rxd1 Rxa2 20. Rd2
Ke7 21. b4 Rxd2 22. Bxd2 b5 23. c4 bxc4 24. Nxc4 b5 25. Ne5 Rc8 26. f4 Ke6 27.
Kf2 f6 28. Nf3 g5 29. fxg5 hxg5 30. g4 Kd5 31. Kg3 Ra8 32. h4 gxh4+ 33. Nxh4
1/2-1/2

[Event "Championnat de France - Open D"]
[Site "Aix-les-Bains"]
[Date "2007.08.25"]
[Round "11.3"]
[White "Nal, Patrick"]
[Black "Marceau, Amaury"]
[Result "0-1"]
[WhiteElo "1499"]
[BlackElo "1499"]
[PlyCount "62"]
[EventDate "2007.??.??"]

1. d4 Nf6 2. c4 g6 3. Nc3 Bg7 4. e4 d6 5. Nf3 Nbd7 6. Be2 O-O 7. O-O e5 8. d5
Nc5 9. Qc2 a5 10. Be3 b6 11. a3 Bd7 12. Bxc5 bxc5 13. a4 Nh5 14. Ne1 Nf4 15.
Nd3 Nxd3 16. Qxd3 f5 17. f3 f4 18. Nb5 g5 19. Bd1 h5 20. Bc2 g4 21. Qd2 Kh7 22.
Bd1 Rf6 23. Ra3 Rg6 24. Kh1 g3 25. h3 Bxh3 26. gxh3 g2+ 27. Kg1 gxf1=Q+ 28.
Kxf1 Qg5 29. Qh2 Qe7 30. Ra2 Bf6 31. Bc2 Rag8 0-1

[Event "Championnat de France - Open D"]
[Site "Aix-les-Bains"]
[Date "2007.08.25"]
[Round "11.4"]
[White "Pignatelli, Daniel"]
[Black "Ringot, Maxime"]
[Result "1-0"]
[WhiteElo "1499"]
[BlackElo "1490"]
[PlyCount "115"]
[EventDate "2007.??.??"]

1. d4 d5 2. Nc3 Nc6 3. Bf4 Nf6 4. Nb5 e5 5. dxe5 Nh5 6. e3 Nxf4 7. exf4 a6 8.
Nd4 Nxd4 9. Qxd4 c5 10. Qd1 d4 11. Bd3 b5 12. Be4 Rb8 13. Nf3 Bb7 14. Bxb7 Rxb7
15. O-O Rd7 16. Qe2 Re7 17. Qe4 g6 18. Qc6+ Qd7 19. Qxc5 Re6 20. Qxd4 Qxd4 21.
Nxd4 Rb6 22. Nf3 Bh6 23. g3 O-O 24. Rfd1 Rc6 25. c3 f6 26. exf6 Rfxf6 27. Rd8+
Bf8 28. Rad1 Kf7 29. Ne5+ Kg7 30. Nxc6 Rxc6 31. R8d7+ Kh6 32. Rf7 Bc5 33. Rdd7
Kh5 34. h3 h6 35. Rd5+ g5 36. fxg5 hxg5 37. Rff5 Bb6 38. Rxg5+ Kh6 39. Rh5+ Kg6
40. Rdg5+ Kf7 41. Rh7+ Kf8 42. Rgg7 Rf6 43. Rd7 Kg8 44. Kf1 Rxf2+ 45. Ke1 Rf6
46. Rhe7 Kf8 47. Re2 Rg6 48. Rd3 Kg7 49. Rf3 Kh6 50. Kf1 Rd6 51. Kg2 Kg5 52.
h4+ Kg6 53. Kh3 Ba7 54. Rf4 Bb8 55. Rfe4 Rd7 56. Re6+ Kf5 57. g4+ Kf4 58. Rf2#
1-0

[Event "Championnat de France - Open D"]
[Site "Aix-les-Bains"]
[Date "2007.08.25"]
[Round "11.5"]
[White "Klein, Rene"]
[Black "Delzant, Pierre Richard"]
[Result "0-1"]
[WhiteElo "1490"]
[BlackElo "1330"]
[PlyCount "120"]
[EventDate "2007.??.??"]

1. e4 Nf6 2. Nc3 d5 3. d3 dxe4 4. d4 Nc6 5. Bb5 Bd7 6. Bxc6 Bxc6 7. h3 e6 8.
Be3 Be7 9. Nge2 O-O 10. O-O a6 11. a3 b5 12. Nb1 Nd5 13. c3 Nxe3 14. fxe3 Bf6
15. Ng3 g6 16. Qg4 Bg7 17. Nd2 f5 18. Qe2 e5 19. Nb3 Bd5 20. Nd2 exd4 21. cxd4
Qd6 22. Qf2 c5 23. dxc5 Qxc5 24. Rac1 Qd6 25. b4 Bb2 26. Rcd1 Bxa3 27. Nb3 Bxb4
28. Nd2 Qe5 29. Qf4 Qxf4 30. Rxf4 Bc5 31. Ndf1 Rfd8 32. Rf2 a5 33. Rfd2 a4 34.
Rxd5 Rxd5 35. Rxd5 Rc8 36. Ne2 b4 37. Nf4 b3 38. Ne6 Bb6 39. Rb5 Rc6 40. Nf4
Kf7 41. Nd5 Bd8 42. Rb7+ Ke6 43. Nf4+ Kd6 44. Ne2 Bb6 45. Nd4 b2 46. Nd2 b1=Q+
47. Nxb1 Rc1+ 48. Kh2 Rxb1 49. Nc2 Rb2 50. Na3 Kc6 51. Rxh7 Ra2 52. Nc4 a3 53.
Rh6 Kb5 54. Nd6+ Kc5 55. Rxg6 Rb2 56. Nxf5 a2 57. Nd6 a1=Q 58. Nxe4+ Kc4 59.
Nd6+ Kd3 60. e4 Qf1 0-1

[Event "Championnat de France - Open D"]
[Site "Aix-les-Bains"]
[Date "2007.08.25"]
[Round "11.6"]
[White "Cornaton, Julien"]
[Black "Subits, Nicolas"]
[Result "1-0"]
[WhiteElo "1500"]
[BlackElo "1330"]
[PlyCount "85"]
[EventDate "2007.??.??"]

1. e4 e5 2. Nf3 Nc6 3. Bc4 Nf6 4. d3 Be7 5. Nc3 Bb4 6. Bd2 O-O 7. a3 Bxc3 8.
Bxc3 d6 9. h3 Re8 10. O-O Be6 11. Bb5 Bd7 12. b4 a6 13. Bxc6 Bxc6 14. Bb2 d5
15. exd5 Bxd5 16. Nxe5 a5 17. c4 Be6 18. b5 Nd7 19. Qf3 Nxe5 20. Bxe5 b6 21.
Qg3 g6 22. Bxc7 Qd7 23. Bxb6 Bf5 24. d4 Reb8 25. Bc5 Rc8 26. a4 Be6 27. Rfc1
Bf5 28. Qd6 Qe8 29. Qe7 Qxe7 30. Bxe7 Bd3 31. c5 Re8 32. Bd6 f5 33. b6 Ba6 34.
c6 Kf7 35. b7 Bxb7 36. cxb7 Rad8 37. Rc6 Re6 38. d5 Rexd6 39. Rxd6 Rxd6 40.
b8=Q Rxd5 41. Qb7+ Ke6 42. Qc6+ Rd6 43. Re1+ 1-0

[Event "Championnat de France - Open D"]
[Site "Aix-les-Bains"]
[Date "2007.08.25"]
[Round "11.7"]
[White "Froment, Victor"]
[Black "Bergmann, Delphine"]
[Result "0-1"]
[WhiteElo "1450"]
[BlackElo "1440"]
[PlyCount "56"]
[EventDate "2007.??.??"]

1. e4 e5 2. Nf3 Nc6 3. Bc4 Bc5 4. c3 Nf6 5. d4 exd4 6. cxd4 Bb4+ 7. Nc3 Nxe4 8.
O-O Bxc3 9. bxc3 d5 10. Bd3 O-O 11. Bxe4 dxe4 12. Nd2 f5 13. Qb3+ Kh8 14. f4 b6
15. Ba3 Re8 16. d5 Ne7 17. Bxe7 Qxe7 18. Rfe1 Bb7 19. Kh1 Rad8 20. c4 a6 21.
Rad1 c6 22. dxc6 Bxc6 23. Qxb6 Bb7 24. Nf3 exf3 25. Rxe7 Rxd1+ 26. Qg1 Rxg1+
27. Kxg1 Rxe7 28. gxf3 Bxf3 0-1

[Event "Championnat de France - Open D"]
[Site "Aix-les-Bains"]
[Date "2007.08.25"]
[Round "11.8"]
[White "Trocme, Jacques"]
[Black "Gaubert, Virginie"]
[Result "0-1"]
[WhiteElo "1480"]
[BlackElo "1340"]
[PlyCount "100"]
[EventDate "2007.??.??"]

1. Nf3 d5 2. d4 e6 3. a3 Nf6 4. b3 Be7 5. Nbd2 O-O 6. Bb2 Nbd7 7. c4 c6 8. c5
b6 9. b4 bxc5 10. bxc5 Ba6 11. g3 Qc7 12. Bg2 Ng4 13. h3 Nh6 14. O-O Bf6 15.
Re1 Rfe8 16. Qc2 Rab8 17. e4 Bb7 18. e5 Bd8 19. Bc3 Ba6 20. Nb3 Qc8 21. a4 Rb7
22. Bd2 Qb8 23. Rab1 Bc4 24. Re3 Nf5 25. Rc3 Ba5 26. Nxa5 Rxb1+ 27. Kh2 Qb2 28.
Nxc4 Qxc2 29. Rxc2 dxc4 30. Rxc4 Reb8 31. g4 Ne7 32. Bg5 Nd5 33. Nd2 R1b4 34.
Rc1 Rxd4 35. Ne4 Rxa4 36. f4 Ne3 37. Bf3 a5 38. Nd6 Ra2+ 39. Kg3 Rc2 40. Rxc2
Nxc2 41. Bxc6 Nxc5 42. f5 a4 43. fxe6 fxe6 44. Be7 Nd4 45. Be8 a3 46. Bf7+ Kh8
47. Nc4 a2 48. Bxc5 a1=Q 49. Nd6 Qc3+ 50. Kh4 Qxc5 0-1

[Event "Championnat de France - Open D"]
[Site "Aix-les-Bains"]
[Date "2007.08.25"]
[Round "11.9"]
[White "Ollier, Patrice"]
[Black "Tchordjallian, Alexandre"]
[Result "1/2-1/2"]
[WhiteElo "1470"]
[BlackElo "1380"]
[PlyCount "28"]
[EventDate "2007.??.??"]

1. c4 Nf6 2. Nc3 d5 3. cxd5 Nxd5 4. d4 g6 5. g3 Bg7 6. Bg2 Nxc3 7. bxc3 O-O 8.
Rb1 c6 9. e4 Nd7 10. Ne2 Nb6 11. Bf4 Be6 12. a4 a5 13. O-O Rc8 14. Qc2 Bc4
1/2-1/2

[Event "Championnat de France - Open D"]
[Site "Aix-les-Bains"]
[Date "2007.08.25"]
[Round "11.10"]
[White "Duffaud, Celia"]
[Black "El Forkane, Mohamed"]
[Result "1-0"]
[WhiteElo "1390"]
[BlackElo "1450"]
[PlyCount "47"]
[EventDate "2007.??.??"]

1. e4 e5 2. Nf3 Nc6 3. Bc4 Bc5 4. d3 Nf6 5. O-O d6 6. h3 a6 7. a3 Bd7 8. Nc3
Ba7 9. Be3 Bxe3 10. fxe3 Qe7 11. Nd5 Nxd5 12. Bxd5 O-O-O 13. c3 Rdf8 14. b4 f5
15. a4 Nd8 16. Qb1 b6 17. Qb2 Qf6 18. d4 Qg6 19. dxe5 fxe4 20. Nh4 Qg5 21. Qe2
b5 22. Rxf8 Rxf8 23. axb5 axb5 24. Ra8# 1-0